| 000 | 00818nam a2200253 a 4500 | ||
|---|---|---|---|
| 001 | 71845 | ||
| 003 | BD-RjUL | ||
| 005 | 20211209082152.0 | ||
| 008 | 170508s1952 nyua 001 0 enged | ||
| 035 | _a(BD-RjUL)72061 | ||
| 040 |
_aDLC _cWSU _dBD-RjUL _beng |
||
| 041 | _aeng | ||
| 082 | 0 | 4 |
_223 _a536.7 _bALT 1952 |
| 100 | 1 |
_aAllis, William P. _927437 |
|
| 245 | 1 | 0 |
_aThermodynamics and statistical mechanics / _cWilliam P. Allis; Melvin A. Herlin |
| 260 |
_aNew York : _bMcGraw-Hill, _c1952. |
||
| 300 |
_avii, 239 p. : _bill. ; _c24 cm. |
||
| 490 | 1 | _aInternational series in pure and applied physics | |
| 500 | _aIncludes index. | ||
| 650 |
_aStatistical thermodynamics _9212712 |
||
| 700 | 1 |
_aHerlin, Melvin A. _927440 |
|
| 830 | 0 |
_aInternational series in pure and applied physics. _9154746 |
|
| 942 |
_2ddc _cBK |
||
| 999 |
_c71845 _d71845 |
||